000 00612nam a2200229Ia 4500
003 OSt
005 20220928124507.0
006 a|||||r|||| 00| 0
007 ta
008 220927b |||||||| |||| 00| 0 eng d
024 _a28489
037 _cTextual
040 _aSDCL
_cSDCL
_beng
041 _2eng
_aeng
082 _aO15,2D70:g, 111L3
100 _aGera Vimla
_9465723
245 0 _aMind and art of Bhavabhuti.
260 _aDelhi
_bMehrachand Lacchmandas
_c1973
300 _axvi,293p
_ccm.
942 _hO15,2D70:g, 111L3
_cTEXL
_2CC
999 _c778609
_d778609